00653nam a2200217Ia 4500003000400000005001700004008004100021020001900062040000700081041000800088082001700096100002700113245003900140260003400179300000900213650002200222700002700244942001300271999001900284952013200303OSt20250823095948.0250729s1900 xx 000 0 und d a978-8188836338 cAL aeng a371.333 RAOM aRao Nageshwara9221981 aMethods and techniques of teaching aNew DelhibSonali Publication a351p aEducation9221982 aRao Digumurthi9221983 2ddccBED c235252d235252 00104070aALbALd2025-07-29eSita Book Houseg195.00l0o371.333 RAOMpBED00571r2025-07-29 16:53:51v195.00w2025-07-29yBK